[Event "Amateur Tournament (ATO)"]
[Site "https://www.chess.com"]
[Date "2025.07.18"]
[Round "4"]
[White "Bangerter, Ena"]
[Black "Linder, Ernst"]
[Result "1-0"]
[Board "16"]
[WhiteFideId "1344102"]
[BlackFideId "1357735"]
[WhiteTitle "WCM"]
[WhiteElo "1852"]
[BlackElo "1726"]
[WhiteTeam "SUI"]
[BlackTeam "SUI"]
[WhiteClock "0:02:22"]
[BlackClock "0:07:32"]
[Variant "Standard"]

1. d4 {[%clk 1:29:21]}  d5 {[%clk 1:30:46]} 2. Bf4 {[%clk 1:29:22]}  Nf6 {[%clk 1:30:45]} 3. e3 {[%clk 1:29:44]}  Bf5 {[%clk 1:30:04]} 4. Nf3 {[%clk 1:29:41]}  e6 {[%clk 1:28:41]} 5. c4 {[%clk 1:29:48]}  Bd6 {[%clk 1:25:58]} 6. Bg3 {[%clk 1:26:33]}  c6 {[%clk 1:22:41]} 7. Nbd2 {[%clk 1:22:27]}  O-O {[%clk 1:20:54]} 8. Qb3 {[%clk 1:18:09]}  b6 {[%clk 1:17:35]} 9. Be2 {[%clk 1:11:15]}  Bxg3 {[%clk 1:09:13]} 10. hxg3 {[%clk 1:11:15]}  h6 {[%clk 1:08:15]} 11. Ne5 {[%clk 1:07:36]}  Qd6 {[%clk 1:06:02]} 12. g4 {[%clk 1:04:22]}  Bh7 {[%clk 1:03:04]} 13. Bd3 {[%clk 0:51:44]}  c5 {[%clk 0:56:35]} 14. cxd5 {[%clk 0:41:27]}  exd5 {[%clk 0:53:28]} 15. Bxh7+ {[%clk 0:35:36]}  Nxh7 {[%clk 0:53:30]} 16. Nef3 {[%clk 0:34:37]}  Nd7 {[%clk 0:47:20]} 17. Qd3 {[%clk 0:23:14]}  c4 {[%clk 0:33:44]} 18. Qf5 {[%clk 0:22:17]}  Qe6 {[%clk 0:33:36]} 19. Qxe6 {[%clk 0:14:23]}  fxe6 {[%clk 0:33:48]} 20. O-O-O {[%clk 0:13:18]}  b5 {[%clk 0:32:57]} 21. Rh4 {[%clk 0:11:30]}  a5 {[%clk 0:32:00]} 22. Rdh1 {[%clk 0:09:55]}  b4 {[%clk 0:30:41]} 23. Kc2 {[%clk 0:09:03]}  a4 {[%clk 0:29:31]} 24. Nb1 {[%clk 0:08:15]}  Rae8 {[%clk 0:26:42]} 25. Rf1 {[%clk 0:07:24]}  e5 {[%clk 0:23:51]} 26. Nbd2 {[%clk 0:03:59]}  exd4 {[%clk 0:18:07]} 27. Nxd4 {[%clk 0:04:12]}  Nc5 {[%clk 0:15:45]} 28. Rh3 {[%clk 0:02:16]}  Ng5 {[%clk 0:14:47]} 29. Rh5 {[%clk 0:02:23]}  Kh7 {[%clk 0:09:38]} 30. f4 {[%clk 0:01:15]}  g6 {[%clk 0:09:21]} 31. Rh2 {[%clk 0:00:56]}  Nf7 {[%clk 0:09:10]} 32. Rh3 {[%clk 0:00:53]}  Kg7 {[%clk 0:08:11]} 33. Re1 {[%clk 0:00:42]}  Nd3 {[%clk 0:07:58]} 34. Re2 {[%clk 0:01:07]}  Nd6 {[%clk 0:06:05]} 35. N2f3 {[%clk 0:01:01]}  Ne4 {[%clk 0:05:14]} 36. Ne5 {[%clk 0:01:03]}  Nxe5 {[%clk 0:05:11]} 37. fxe5 {[%clk 0:01:22]}  Rxe5 {[%clk 0:05:15]} 38. Rf3 {[%clk 0:01:08]}  Ng5 {[%clk 0:02:46]} 39. Rxf8 {[%clk 0:00:38]}  Kxf8 {[%clk 0:02:57]} 40. Nc6 {[%clk 0:01:00]}  b3+ {[%clk 0:02:27]} 41. axb3 {[%clk 0:01:24]}  axb3+ {[%clk 0:02:00]} 42. Kc3 {[%clk 0:29:40]}  Ne4+ {[%clk 0:29:27]} 43. Kd4 {[%clk 0:27:48]}  Rg5 {[%clk 0:29:24]} 44. Ne5 {[%clk 0:17:01]}  Nf6 {[%clk 0:29:04]} 45. Rf2 {[%clk 0:16:13]}  Ke7 {[%clk 0:28:19]} 46. Nc6+ {[%clk 0:13:51]}  Ke6 {[%clk 0:23:54]} 47. Nd8+ {[%clk 0:12:21]}  Kd7 {[%clk 0:21:26]} 48. Rxf6 {[%clk 0:12:20]}  Kxd8 {[%clk 0:21:30]} 49. Rf4 {[%clk 0:08:12]}  h5 {[%clk 0:19:01]} 50. e4 {[%clk 0:03:17]}  dxe4 {[%clk 0:16:13]} 51. Rxe4 {[%clk 0:03:41]}  Rxg4 {[%clk 0:10:42]} 52. Rxg4 {[%clk 0:03:33]}  hxg4 {[%clk 0:10:59]} 53. Kxc4 {[%clk 0:03:45]}  Ke7 {[%clk 0:10:21]} 54. Kxb3 {[%clk 0:04:11]}  Ke6 {[%clk 0:10:31]} 55. Kc3 {[%clk 0:03:40]}  Kd5 {[%clk 0:10:12]} 56. Kd3 {[%clk 0:03:42]}  g5 {[%clk 0:08:31]} 57. Ke3 {[%clk 0:02:53]}  Ke5 {[%clk 0:07:40]} 58. b4 {[%clk 0:02:01]}  Kd5 {[%clk 0:07:32]} 59. Kf2 {[%clk 0:02:22]} 1-0

[Event "Amateur Tournament (ATO)"]
[Site "https://www.chess.com"]
[Date "2025.07.18"]
[Round "4"]
[White "Filimonov, Arsenii"]
[Black "Bracher, Juerg"]
[Result "1/2-1/2"]
[Board "17"]
[WhiteFideId "34171584"]
[BlackFideId "1337521"]
[WhiteElo "1666"]
[BlackElo "1848"]
[WhiteTeam "SUI"]
[BlackTeam "SUI"]
[WhiteClock "0:05:14"]
[BlackClock "0:02:03"]
[Variant "Standard"]

1. e4 {[%clk 1:30:54]}  e6 {[%clk 1:30:49]} 2. d4 {[%clk 1:31:17]}  d5 {[%clk 1:31:12]} 3. Nd2 {[%clk 1:31:29]}  c5 {[%clk 1:30:44]} 4. exd5 {[%clk 1:31:42]}  exd5 {[%clk 1:31:05]} 5. Bb5+ {[%clk 1:31:54]}  Bd7 {[%clk 1:28:43]} 6. Qe2+ {[%clk 1:31:59]}  Qe7 {[%clk 1:28:50]} 7. Bxd7+ {[%clk 1:31:09]}  Nxd7 {[%clk 1:29:13]} 8. Qxe7+ {[%clk 1:28:49]}  Bxe7 {[%clk 1:29:34]} 9. dxc5 {[%clk 1:29:07]}  Nxc5 {[%clk 1:29:06]} 10. Ngf3 {[%clk 1:27:26]}  Nf6 {[%clk 1:28:05]} 11. O-O {[%clk 1:25:01]}  O-O {[%clk 1:25:28]} 12. Nd4 {[%clk 1:16:35]}  Rfe8 {[%clk 1:19:53]} 13. N2f3 {[%clk 1:14:17]}  Ne6 {[%clk 1:13:00]} 14. h3 {[%clk 1:03:37]}  Bc5 {[%clk 1:00:00]} 15. Be3 {[%clk 1:01:27]}  Rac8 {[%clk 0:51:09]} 16. c3 {[%clk 0:57:18]}  Ne4 {[%clk 0:45:09]} 17. Rad1 {[%clk 0:53:51]}  a6 {[%clk 0:40:38]} 18. Nc2 {[%clk 0:45:19]}  Red8 {[%clk 0:37:42]} 19. g3 {[%clk 0:41:48]}  b5 {[%clk 0:34:13]} 20. Kg2 {[%clk 0:40:53]}  a5 {[%clk 0:31:00]} 21. Bxc5 {[%clk 0:38:01]}  N6xc5 {[%clk 0:28:39]} 22. Ne3 {[%clk 0:35:13]}  Nf6 {[%clk 0:27:08]} 23. g4 {[%clk 0:29:38]}  h6 {[%clk 0:26:38]} 24. Nd4 {[%clk 0:27:46]}  b4 {[%clk 0:25:23]} 25. cxb4 {[%clk 0:26:19]}  axb4 {[%clk 0:25:32]} 26. f3 {[%clk 0:24:11]}  Re8 {[%clk 0:17:54]} 27. Nef5 {[%clk 0:22:37]}  Ra8 {[%clk 0:17:11]} 28. Ra1 {[%clk 0:21:36]}  Nd3 {[%clk 0:16:02]} 29. a3 {[%clk 0:19:53]}  Nf4+ {[%clk 0:10:55]} 30. Kg3 {[%clk 0:17:12]}  Ne2+ {[%clk 0:09:11]} 31. Nxe2 {[%clk 0:17:24]}  Rxe2 {[%clk 0:09:36]} 32. Rfd1 {[%clk 0:14:00]}  Kh7 {[%clk 0:02:19]} 33. Rd3 {[%clk 0:10:08]}  g6 {[%clk 0:01:34]} 34. h4 {[%clk 0:07:26]}  Rxb2 {[%clk 0:01:13]} 35. Ne3 {[%clk 0:05:14]}  Kg7 {[%clk 0:02:03]} 1/2-1/2

[Event "Amateur Tournament (ATO)"]
[Site "https://www.chess.com"]
[Date "2025.07.18"]
[Round "4"]
[White "Nergard, Ole-Kristian"]
[Black "Loeffler, Helmut"]
[Result "1-0"]
[Board "18"]
[WhiteFideId "1543156"]
[BlackFideId "1317482"]
[WhiteElo "1837"]
[BlackElo "1709"]
[WhiteTeam "NOR"]
[BlackTeam "SUI"]
[WhiteClock "0:14:55"]
[BlackClock "0:42:21"]
[Variant "Standard"]

1. c4 {[%clk 1:14:19]}  e6 {[%clk 1:29:24]} 2. g3 {[%clk 1:14:18]}  Nf6 {[%clk 1:29:37]} 3. Bg2 {[%clk 1:15:08]}  d5 {[%clk 1:29:57]} 4. Nf3 {[%clk 1:15:33]}  Bd6 {[%clk 1:29:02]} 5. O-O {[%clk 1:15:57]}  O-O {[%clk 1:29:09]} 6. d4 {[%clk 1:15:31]}  Nc6 {[%clk 1:28:58]} 7. Nc3 {[%clk 1:12:33]}  a6 {[%clk 1:28:07]} 8. Qb3 {[%clk 1:03:20]}  Na5 {[%clk 1:26:49]} 9. Qc2 {[%clk 1:03:45]}  Nxc4 {[%clk 1:25:26]} 10. e4 {[%clk 1:04:06]}  dxe4 {[%clk 1:24:22]} 11. Ng5 {[%clk 1:04:05]}  Nb6 {[%clk 1:20:31]} 12. Ncxe4 {[%clk 1:03:46]}  Nbd5 {[%clk 1:20:24]} 13. Bd2 {[%clk 0:57:49]}  h6 {[%clk 1:19:21]} 14. Nxd6 {[%clk 0:57:44]}  cxd6 {[%clk 1:17:47]} 15. Nf3 {[%clk 0:57:47]}  Bd7 {[%clk 1:17:20]} 16. a4 {[%clk 0:57:21]}  Rc8 {[%clk 1:15:47]} 17. Qb3 {[%clk 0:57:44]}  b5 {[%clk 1:14:18]} 18. axb5 {[%clk 0:58:02]}  Bxb5 {[%clk 1:14:29]} 19. Rfc1 {[%clk 0:57:24]}  Qd7 {[%clk 1:14:07]} 20. Bf1 {[%clk 0:52:19]}  Bxf1 {[%clk 1:10:38]} 21. Rxf1 {[%clk 0:52:46]}  Rc6 {[%clk 1:08:14]} 22. Qd3 {[%clk 0:52:00]}  Rfc8 {[%clk 1:07:25]} 23. Rxa6 {[%clk 0:52:00]}  Rxa6 {[%clk 1:06:31]} 24. Qxa6 {[%clk 0:52:27]}  Rc2 {[%clk 1:04:23]} 25. Rb1 {[%clk 0:47:20]}  Qc7 {[%clk 1:00:32]} 26. Qd3 {[%clk 0:43:21]}  Rc6 {[%clk 0:56:21]} 27. b4 {[%clk 0:41:31]}  Nc3 {[%clk 0:53:38]} 28. Ra1 {[%clk 0:41:19]}  Nce4 {[%clk 0:52:15]} 29. b5 {[%clk 0:38:42]}  Rb6 {[%clk 0:45:15]} 30. Ba5 {[%clk 0:37:45]}  Qa7 {[%clk 0:45:18]} 31. Bxb6 {[%clk 0:23:18]}  Qxa1+ {[%clk 0:45:30]} 32. Kg2 {[%clk 0:20:50]}  Qb2 {[%clk 0:44:09]} 33. d5 {[%clk 0:20:17]}  e5 {[%clk 0:40:58]} 34. Be3 {[%clk 0:14:05]}  Qb4 {[%clk 0:38:52]} 35. b6 {[%clk 0:10:11]}  Nd7 {[%clk 0:37:48]} 36. Qa6 {[%clk 0:09:57]}  Nec5 {[%clk 0:36:55]} 37. Qc8+ {[%clk 0:05:58]}  Kh7 {[%clk 0:35:31]} 38. Qe8 {[%clk 0:00:53]}  f6 {[%clk 0:31:23]} 39. h4 {[%clk 0:01:20]}  Qg4 {[%clk 0:30:05]} 40. Qe7 {[%clk 0:00:35]}  Nxb6 {[%clk 0:25:56]} 41. Qxd6 {[%clk 0:27:06]}  e4 {[%clk 0:55:22]} 42. Nh2 {[%clk 0:27:05]}  Nc4 {[%clk 0:53:13]} 43. Nxg4 {[%clk 0:22:52]}  Nxd6 {[%clk 0:50:54]} 44. Bxc5 {[%clk 0:23:18]}  Nb7 {[%clk 0:50:29]} 45. Bb4 {[%clk 0:21:43]}  Kg6 {[%clk 0:47:49]} 46. Ne3 {[%clk 0:21:40]}  Kf7 {[%clk 0:46:56]} 47. Kf1 {[%clk 0:21:51]}  g6 {[%clk 0:47:12]} 48. Ke2 {[%clk 0:21:23]}  f5 {[%clk 0:47:28]} 49. Kd2 {[%clk 0:21:27]}  Kf6 {[%clk 0:46:43]} 50. Bc3+ {[%clk 0:21:40]}  Kf7 {[%clk 0:46:34]} 51. Be5 {[%clk 0:18:56]}  Nc5 {[%clk 0:45:44]} 52. Nc4 {[%clk 0:17:13]}  Nd3 {[%clk 0:43:32]} 53. Bd4 {[%clk 0:17:11]}  Nb4 {[%clk 0:43:51]} 54. Nb6 {[%clk 0:15:40]}  Nd3 {[%clk 0:42:59]} 55. d6 {[%clk 0:14:59]}  g5 {[%clk 0:42:21]} 56. d7 {[%clk 0:14:55]} 1-0

[Event "Amateur Tournament (ATO)"]
[Site "https://www.chess.com"]
[Date "2025.07.18"]
[Round "4"]
[White "Nuh Nizar Hilmi"]
[Black "Hakvoort, Remy"]
[Result "0-1"]
[Board "19"]
[WhiteFideId "48754498"]
[BlackFideId "1047094"]
[WhiteElo "1521"]
[BlackElo "1834"]
[WhiteTeam "IND"]
[BlackTeam "NED"]
[WhiteClock "0:31:14"]
[BlackClock "0:07:20"]
[Variant "Standard"]

1. d4 {[%clk 1:30:17]}  d5 {[%clk 1:30:51]} 2. Nf3 {[%clk 1:28:58]}  Nf6 {[%clk 1:30:48]} 3. c4 {[%clk 1:28:07]}  c6 {[%clk 1:31:01]} 4. g3 {[%clk 1:26:55]}  e6 {[%clk 1:29:44]} 5. Bg2 {[%clk 1:26:24]}  g6 {[%clk 1:24:57]} 6. O-O {[%clk 1:24:28]}  Bg7 {[%clk 1:25:20]} 7. Bg5 {[%clk 1:20:43]}  h6 {[%clk 1:24:20]} 8. Bxf6 {[%clk 1:18:01]}  Qxf6 {[%clk 1:24:41]} 9. Nbd2 {[%clk 1:14:08]}  Nd7 {[%clk 1:24:16]} 10. Rc1 {[%clk 1:13:02]}  O-O {[%clk 1:24:30]} 11. Re1 {[%clk 1:07:56]}  e5 {[%clk 1:13:00]} 12. cxd5 {[%clk 0:59:47]}  cxd5 {[%clk 1:08:31]} 13. Nb3 {[%clk 0:57:31]}  e4 {[%clk 1:05:10]} 14. Nfd2 {[%clk 0:54:46]}  Qb6 {[%clk 1:02:55]} 15. e3 {[%clk 0:52:27]}  Nf6 {[%clk 1:01:37]} 16. Qc2 {[%clk 0:50:40]}  Bd7 {[%clk 0:58:07]} 17. Nc5 {[%clk 0:49:41]}  Rac8 {[%clk 0:55:07]} 18. Qb1 {[%clk 0:47:17]}  Rc6 {[%clk 0:52:04]} 19. b4 {[%clk 0:45:11]}  Rfc8 {[%clk 0:50:27]} 20. Rc3 {[%clk 0:43:41]}  Qc7 {[%clk 0:47:58]} 21. Rec1 {[%clk 0:43:22]}  b6 {[%clk 0:47:24]} 22. b5 {[%clk 0:42:31]}  Rxc5 {[%clk 0:41:19]} 23. dxc5 {[%clk 0:41:30]}  bxc5 {[%clk 0:41:14]} 24. Nb3 {[%clk 0:41:15]}  c4 {[%clk 0:40:39]} 25. Nd4 {[%clk 0:41:13]}  Ng4 {[%clk 0:34:57]} 26. a4 {[%clk 0:39:12]}  Qa5 {[%clk 0:33:06]} 27. Bxe4 {[%clk 0:37:37]}  dxe4 {[%clk 0:32:23]} 28. Rxc4 {[%clk 0:37:33]}  Rxc4 {[%clk 0:31:32]} 29. Rxc4 {[%clk 0:37:33]}  Ne5 {[%clk 0:30:26]} 30. Nb3 {[%clk 0:34:44]}  Qd8 {[%clk 0:26:45]} 31. Rc1 {[%clk 0:32:30]}  Nf3+ {[%clk 0:24:43]} 32. Kg2 {[%clk 0:32:35]}  Ng5 {[%clk 0:20:09]} 33. h4 {[%clk 0:31:35]}  Qf6 {[%clk 0:10:01]} 34. hxg5 {[%clk 0:31:24]}  Qf3+ {[%clk 0:10:09]} 35. Kf1 {[%clk 0:28:56]}  Bc3 {[%clk 0:06:53]} 36. Nd2 {[%clk 0:27:13]}  Bxd2 {[%clk 0:06:10]} 37. Rc8+ {[%clk 0:27:25]}  Bxc8 {[%clk 0:06:20]} 38. Kg1 {[%clk 0:27:37]}  Bh3 {[%clk 0:06:10]} 39. Qf1 {[%clk 0:28:00]}  Bxf1 {[%clk 0:06:23]} 40. Kxf1 {[%clk 0:28:18]}  hxg5 {[%clk 0:05:52]} 41. g4 {[%clk 0:28:31]}  Qd1+ {[%clk 0:06:01]} 42. Kg2 {[%clk 0:28:54]}  Qxa4 {[%clk 0:06:23]} 43. b6 {[%clk 0:29:18]}  axb6 {[%clk 0:06:33]} 44. Kg3 {[%clk 0:29:37]}  f5 {[%clk 0:06:45]} 45. gxf5 {[%clk 0:29:55]}  gxf5 {[%clk 0:07:08]} 46. f4 {[%clk 0:30:21]}  exf3 {[%clk 0:07:13]} 47. e4 {[%clk 0:30:35]}  Qxe4 {[%clk 0:07:13]} 48. Kh2 {[%clk 0:30:58]}  Qe2+ {[%clk 0:07:20]} 49. Kh3 {[%clk 0:31:14]} 0-1

[Event "Amateur Tournament (ATO)"]
[Site "https://www.chess.com"]
[Date "2025.07.18"]
[Round "4"]
[White "Hasini Kamabathula"]
[Black "Heitmann, Erik"]
[Result "1-0"]
[Board "20"]
[WhiteFideId "25712837"]
[BlackFideId "34608940"]
[WhiteElo "1624"]
[BlackElo "1821"]
[WhiteTeam "IND"]
[BlackTeam "GER"]
[WhiteClock "0:55:02"]
[BlackClock "0:46:16"]
[Variant "Standard"]

1. e4 {[%clk 1:30:56]}  c5 {[%clk 1:30:54]} 2. Nf3 {[%clk 1:31:19]}  d6 {[%clk 1:31:19]} 3. d4 {[%clk 1:31:42]}  cxd4 {[%clk 1:31:44]} 4. Nxd4 {[%clk 1:32:08]}  Nf6 {[%clk 1:32:03]} 5. Nc3 {[%clk 1:32:32]}  a6 {[%clk 1:32:29]} 6. h3 {[%clk 1:32:54]}  e5 {[%clk 1:32:32]} 7. Nf3 {[%clk 1:33:18]}  Be6 {[%clk 1:31:39]} 8. g4 {[%clk 1:32:56]}  Be7 {[%clk 1:28:50]} 9. g5 {[%clk 1:31:58]}  Nfd7 {[%clk 1:28:41]} 10. Be3 {[%clk 1:32:08]}  b5 {[%clk 1:26:20]} 11. Nd5 {[%clk 1:30:39]}  Nc6 {[%clk 1:22:27]} 12. Qd2 {[%clk 1:29:39]}  Bxd5 {[%clk 1:21:26]} 13. exd5 {[%clk 1:29:24]}  Na5 {[%clk 1:21:22]} 14. h4 {[%clk 1:26:54]}  Rc8 {[%clk 1:20:25]} 15. b3 {[%clk 1:21:10]}  Nb7 {[%clk 1:17:51]} 16. a4 {[%clk 1:16:33]}  Qc7 {[%clk 1:08:44]} 17. axb5 {[%clk 1:16:06]}  axb5 {[%clk 1:08:54]} 18. Bxb5 {[%clk 1:16:25]}  Qxc2 {[%clk 1:02:33]} 19. Qxc2 {[%clk 1:16:20]}  Rxc2 {[%clk 1:02:59]} 20. Ra7 {[%clk 1:16:20]}  Rc7 {[%clk 1:02:54]} 21. Bc6 {[%clk 1:16:32]}  O-O {[%clk 0:58:22]} 22. Rxb7 {[%clk 1:15:40]}  Rxb7 {[%clk 0:58:46]} 23. Bxb7 {[%clk 1:16:06]}  Rb8 {[%clk 0:58:42]} 24. Bc6 {[%clk 1:16:25]}  Rxb3 {[%clk 0:58:36]} 25. O-O {[%clk 1:15:38]}  Nc5 {[%clk 0:56:01]} 26. Bxc5 {[%clk 1:11:38]}  Rxf3 {[%clk 0:56:24]} 27. Bb6 {[%clk 1:07:48]}  Rh3 {[%clk 0:55:57]} 28. Ra1 {[%clk 1:07:07]}  f5 {[%clk 0:45:32]} 29. Ra8+ {[%clk 0:59:23]}  Bf8 {[%clk 0:45:34]} 30. Bd7 {[%clk 0:59:00]}  Kf7 {[%clk 0:45:52]} 31. Be6+ {[%clk 0:54:32]}  Ke7 {[%clk 0:46:18]} 32. Bd8+ {[%clk 0:54:40]}  Ke8 {[%clk 0:46:16]} 33. Bf6# {[%clk 0:55:02]} 1-0

[Event "Amateur Tournament (ATO)"]
[Site "https://www.chess.com"]
[Date "2025.07.18"]
[Round "4"]
[White "Wegelin, Reinhard"]
[Black "Jampen, Florian"]
[Result "0-1"]
[Board "21"]
[WhiteFideId "1305778"]
[BlackFideId "1352261"]
[WhiteElo "1812"]
[BlackElo "1891"]
[WhiteTeam "SUI"]
[BlackTeam "SUI"]
[WhiteClock "0:50:37"]
[BlackClock "0:46:06"]
[Variant "Standard"]

1. Nf3 {[%clk 1:30:03]}  Nf6 {[%clk 1:30:30]} 2. b3 {[%clk 1:30:03]}  c5 {[%clk 1:30:45]} 3. Bb2 {[%clk 1:30:17]}  d6 {[%clk 1:31:06]} 4. e3 {[%clk 1:30:35]}  e5 {[%clk 1:30:25]} 5. Be2 {[%clk 1:27:28]}  e4 {[%clk 1:28:48]} 6. Ng1 {[%clk 1:27:35]}  d5 {[%clk 1:29:02]} 7. d3 {[%clk 1:27:47]}  Nc6 {[%clk 1:28:52]} 8. dxe4 {[%clk 1:27:56]}  Nxe4 {[%clk 1:28:39]} 9. Nf3 {[%clk 1:28:16]}  Be7 {[%clk 1:28:09]} 10. O-O {[%clk 1:18:55]}  Bf6 {[%clk 1:26:01]} 11. Bxf6 {[%clk 1:17:10]}  Qxf6 {[%clk 1:25:36]} 12. Nbd2 {[%clk 1:16:52]}  Nc3 {[%clk 1:19:28]} 13. Qe1 {[%clk 1:16:08]}  Nxe2+ {[%clk 1:19:49]} 14. Qxe2 {[%clk 1:01:43]}  O-O {[%clk 1:18:58]} 15. c4 {[%clk 1:01:50]}  dxc4 {[%clk 1:15:18]} 16. Qxc4 {[%clk 0:58:44]}  b6 {[%clk 1:12:34]} 17. Rad1 {[%clk 0:58:39]}  Nb4 {[%clk 1:12:01]} 18. Ne4 {[%clk 0:58:16]}  Qe7 {[%clk 1:09:39]} 19. Nc3 {[%clk 0:54:03]}  Ba6 {[%clk 0:59:35]} 20. Nb5 {[%clk 0:53:20]}  Nxa2 {[%clk 0:59:47]} 21. Ra1 {[%clk 0:52:56]}  Nb4 {[%clk 0:54:08]} 22. Rxa6 {[%clk 0:52:40]}  Nxa6 {[%clk 0:52:28]} 23. Ra1 {[%clk 0:52:53]}  Nb4 {[%clk 0:51:22]} 24. h3 {[%clk 0:52:24]}  h6 {[%clk 0:50:24]} 25. Nh4 {[%clk 0:52:22]}  a6 {[%clk 0:47:10]} 26. Ng6 {[%clk 0:50:37]}  Qf6 {[%clk 0:46:06]} 0-1

[Event "Amateur Tournament (ATO)"]
[Site "https://www.chess.com"]
[Date "2025.07.18"]
[Round "4"]
[White "Steiner, Philippe"]
[Black "Van Bogaert, Olivier"]
[Result "1/2-1/2"]
[Board "22"]
[WhiteFideId "1312340"]
[BlackFideId "134178780"]
[WhiteElo "1864"]
[BlackElo "1793"]
[WhiteTeam "SUI"]
[BlackTeam "SUI"]
[WhiteClock "1:24:08"]
[BlackClock "1:06:27"]
[Variant "Standard"]

1. g3 {[%clk 1:30:58]}  d5 {[%clk 1:30:32]} 2. d4 {[%clk 1:30:56]}  c6 {[%clk 1:29:31]} 3. Bg2 {[%clk 1:31:11]}  Nf6 {[%clk 1:29:23]} 4. Nf3 {[%clk 1:31:04]}  g6 {[%clk 1:28:55]} 5. O-O {[%clk 1:31:13]}  Bg7 {[%clk 1:29:19]} 6. h3 {[%clk 1:31:19]}  O-O {[%clk 1:29:06]} 7. Nbd2 {[%clk 1:29:21]}  Bf5 {[%clk 1:22:10]} 8. Ne5 {[%clk 1:27:45]}  Nbd7 {[%clk 1:20:26]} 9. Ndf3 {[%clk 1:25:46]}  Nxe5 {[%clk 1:13:45]} 10. Nxe5 {[%clk 1:25:43]}  Nd7 {[%clk 1:13:55]} 11. Nf3 {[%clk 1:24:41]}  Be4 {[%clk 1:11:41]} 12. Bf4 {[%clk 1:24:08]}  Re8 {[%clk 1:06:27]} 1/2-1/2

[Event "Amateur Tournament (ATO)"]
[Site "https://www.chess.com"]
[Date "2025.07.18"]
[Round "4"]
[White "Rubeck, Jonathan"]
[Black "Hottinger, Ieremia"]
[Result "1-0"]
[Board "26"]
[WhiteFideId "435678"]
[BlackFideId "1359185"]
[WhiteElo "1832"]
[BlackElo "1734"]
[WhiteTeam "ENG"]
[BlackTeam "SUI"]
[WhiteClock "1:01:00"]
[BlackClock "0:22:12"]
[Variant "Standard"]

1. e4 {[%clk 1:30:21]}  c5 {[%clk 1:30:51]} 2. Nc3 {[%clk 1:30:11]}  e6 {[%clk 1:30:52]} 3. Bc4 {[%clk 1:30:24]}  a6 {[%clk 1:30:11]} 4. a4 {[%clk 1:30:39]}  Nc6 {[%clk 1:30:25]} 5. f4 {[%clk 1:30:49]}  Nge7 {[%clk 1:26:39]} 6. d3 {[%clk 1:28:59]}  g6 {[%clk 1:26:45]} 7. Nf3 {[%clk 1:28:36]}  Bg7 {[%clk 1:26:50]} 8. O-O {[%clk 1:28:54]}  O-O {[%clk 1:27:10]} 9. Qe1 {[%clk 1:28:54]}  d5 {[%clk 1:25:36]} 10. Bb3 {[%clk 1:29:03]}  Re8 {[%clk 1:21:34]} 11. f5 {[%clk 1:23:27]}  Nd4 {[%clk 1:08:29]} 12. fxg6 {[%clk 1:20:57]}  hxg6 {[%clk 1:08:09]} 13. Nxd4 {[%clk 1:19:08]}  Bxd4+ {[%clk 1:08:28]} 14. Kh1 {[%clk 1:18:02]}  Nc6 {[%clk 1:00:10]} 15. Qg3 {[%clk 1:15:00]}  dxe4 {[%clk 0:46:41]} 16. Nxe4 {[%clk 1:13:34]}  Be5 {[%clk 0:40:45]} 17. Qh3 {[%clk 1:07:12]}  b6 {[%clk 0:39:36]} 18. Bg5 {[%clk 1:01:04]}  f6 {[%clk 0:22:29]} 19. Nxf6+ {[%clk 1:00:48]}  Bxf6 {[%clk 0:22:12]} 20. Bxf6 {[%clk 1:01:00]} 1-0

[Event "Amateur Tournament (ATO)"]
[Site "https://www.chess.com"]
[Date "2025.07.18"]
[Round "4"]
[White "Hirzel, Robin"]
[Black "Luedi, Paul"]
[Result "1-0"]
[Board "27"]
[WhiteFideId "1342320"]
[BlackFideId "1319930"]
[WhiteElo "1795"]
[BlackElo "1716"]
[WhiteTeam "SUI"]
[BlackTeam "SUI"]
[WhiteClock "1:14:49"]
[BlackClock "0:30:17"]
[Variant "Standard"]

1. e4 {[%clk 1:30:54]}  e6 {[%clk 1:30:39]} 2. d4 {[%clk 1:31:19]}  d5 {[%clk 1:30:59]} 3. Nc3 {[%clk 1:31:44]}  Nf6 {[%clk 1:31:00]} 4. Bg5 {[%clk 1:32:09]}  Be7 {[%clk 1:30:52]} 5. e5 {[%clk 1:32:29]}  Nfd7 {[%clk 1:31:03]} 6. h4 {[%clk 1:32:45]}  a6 {[%clk 1:29:25]} 7. Qg4 {[%clk 1:31:35]}  Bxg5 {[%clk 1:19:17]} 8. hxg5 {[%clk 1:31:42]}  c5 {[%clk 1:18:17]} 9. g6 {[%clk 1:30:45]}  h6 {[%clk 1:14:30]} 10. gxf7+ {[%clk 1:26:29]}  Kxf7 {[%clk 1:13:35]} 11. Bd3 {[%clk 1:25:21]}  Qe7 {[%clk 1:03:28]} 12. Nf3 {[%clk 1:22:22]}  Kg8 {[%clk 0:58:46]} 13. Nh4 {[%clk 1:21:18]}  Nf8 {[%clk 0:56:08]} 14. Nxd5 {[%clk 1:20:13]}  exd5 {[%clk 0:50:23]} 15. Qxc8 {[%clk 1:19:27]}  Qd7 {[%clk 0:47:49]} 16. Qxc5 {[%clk 1:19:01]}  Ne6 {[%clk 0:46:54]} 17. Qb6 {[%clk 1:16:54]}  Nf4 {[%clk 0:41:15]} 18. Bf5 {[%clk 1:16:04]}  Qc6 {[%clk 0:35:57]} 19. Qxc6 {[%clk 1:14:57]}  Nxc6 {[%clk 0:35:51]} 20. g3 {[%clk 1:14:45]}  Nxd4 {[%clk 0:33:01]} 21. gxf4 {[%clk 1:14:40]}  Rf8 {[%clk 0:31:54]} 22. Bd3 {[%clk 1:14:02]}  Rxf4 {[%clk 0:30:23]} 23. Ng6 {[%clk 1:14:24]}  Nf3+ {[%clk 0:30:17]} 24. Ke2 {[%clk 1:14:49]} 1-0